The Complete Idiot's Guide to the Internet with Windows 95 (Record no. 25251)

MARC details
000 -LEADER
fixed length control field 00427nam a2200169Ia 4500
008 - FIXED-LENGTH DATA ELEMENTS--GENERAL INFORMATION
fixed length control field 230524s9999 xx 000 0 und d
020 ## - INTERNATIONAL STANDARD BOOK NUMBER
ISBN 8120310624
082 ## - DEWEY DECIMAL CLASSIFICATION NUMBER
Classification number 5.43
Item number KEN
100 ## - MAIN ENTRY--AUTHOR NAME
Personal name Peter Kent
245 #4 - TITLE STATEMENT
Title The Complete Idiot's Guide to the Internet with Windows 95
250 ## - EDITION STATEMENT
Edition statement 1STS
260 ## - PUBLICATION, DISTRIBUTION, ETC. (IMPRINT)
Place of publication NEW DELHI
Name of publisher PHI
Year of publication 1996
300 ## - PHYSICAL DESCRIPTION
Number of Pages 342
500 ## - GENERAL NOTE
General note Quantity Number: 1
650 ## - SUBJECT ADDED ENTRY--TOPICAL TERM
Topical Term Comp-Sc
942 ## - ADDED ENTRY ELEMENTS (KOHA)
Koha item type Books
Holdings
Lost status Damaged status Permanent Location Current Location Shelving location Date acquired Full call number Accession Number Koha item type
    Central Library, Trident Academy of Technology Central Library, Trident Academy of Technology General Stacks 05/24/2023 005.43 KEN 4212 Books
Trident Academy of Technology © 2023.
All rights reserved.                                                                                                                                                                                                        Designed by Team of Central Library .

Powered by Koha